Вып. 62; Кабельная техника

Bibliografiset tiedot
Parent link:Кабельная техника: научно-технический сборник/ Всесоюзный научно-исследовательский институт информации и технико-экономических исследований в электротехнике (Информэлектро). Вып. 62.— , 1961, 1963, 1967-1970
Kieli:venäjä
Julkaistu: 1970
Aineistotyyppi: Kirja
KOHA link:https://koha.lib.tpu.ru/cgi-bin/koha/opac-detail.pl?biblionumber=504766

MARC

LEADER 00000nam2a2200000 4500
001 504766
005 20231101102845.0
035 |a (RuTPU)RU\TPU\prd\175583 
035 |a RU\TPU\prd\175582 
090 |a 504766 
100 |a 20130417b1970 k y0rusy50 ca 
101 0 |a rus 
102 |a RU 
200 0 |a Вып. 62 
210 |d 1970 
461 1 |0 (RuTPU)RU\TPU\prd\83  |t Кабельная техника  |o научно-технический сборник  |f Всесоюзный научно-исследовательский институт информации и технико-экономических исследований в электротехнике (Информэлектро)  |v Вып. 62  |d 1961, 1963, 1967-1970 
801 0 |a RU  |b 63413507  |c 20010227  |g PSBO 
801 1 |a RU  |b 63413507  |c 20130417 
801 2 |a RU  |b 63413507  |c 20130417  |g RCR 
942 |c BK 
999 |a НТБ_ТПУ  |b НФ  |e -4/20130109  |p П-6830  |u 0,00  |v 1